[Event "MNT CupT"]
[Site "Cetinje"]
[Date "2023.07.11"]
[Round "4.2"]
[White "Pecurica, Milos"]
[Black "Pekic, Momcilo"]
[Result "1-0"]
[WhiteElo "2371"]
[BlackElo "1718"]
[PlyCount "62"]
[EventDate "2023.07.09"]
[EventType "team-swiss"]
[EventRounds "5"]
[EventCountry "MNE"]
[SourceTitle "CBM 215 Extra"]
[Source "ChessBase"]
[SourceDate "2023.09.30"]
[SourceVersion "1"]
[SourceVersionDate "2023.09.30"]
[SourceQuality "1"]
[WhiteTeam "Crnogorac"]
[BlackTeam "Dama"]
[WhiteTeamCountry "MNE"]
[BlackTeamCountry "MNE"]

1. Nf3 Nf6 2. c4 g6 3. b4 Bg7 4. Bb2 0-0 5. g3 b6 6. Bg2 Bb7 7. 0-0 d5 8. Qc2 Nbd7 9. cxd5 Bxd5 10. Nc3 Bb7 11. d4 a6 12. Rfd1 e6 13. a4 Nd5 14. Nxd5 exd5 15. a5 Rc8 16. Qb3 Re8 17. e3 bxa5 18. Rxa5 Nb6 19. Nd2 Qd7 20. Bf1 Ra8 21. Rda1 h5 22. h4 g5 23. Nf3 gxh4 24. Nxh4 Bf6 25. Qd1 Bxh4 26. gxh4 Qf5 27. Bd3 Qh3 28. Qxh5 Bc8 29. b5 Nc4 30. Qg5+ Kh8 31. Qh6+ Kg8 1-0

[Event "MNT CupT"]
[Site "Cetinje"]
[Date "2023.07.09"]
[Round "1.2"]
[White "Djukanovic, Marko"]
[Black "Pecurica, Milos"]
[Result "1/2-1/2"]
[WhiteElo "1870"]
[BlackElo "2371"]
[PlyCount "95"]
[EventDate "2023.07.09"]
[EventType "team-swiss"]
[EventRounds "5"]
[EventCountry "MNE"]
[SourceTitle "CBM 215 Extra"]
[Source "ChessBase"]
[SourceDate "2023.09.30"]
[SourceVersion "1"]
[SourceVersionDate "2023.09.30"]
[SourceQuality "1"]
[WhiteTeam "Niksic"]
[BlackTeam "Crnogorac"]
[WhiteTeamCountry "MNE"]
[BlackTeamCountry "MNE"]

1. e4 c5 2. Be2 Nc6 3. f4 g6 4. Nf3 Bg7 5. 0-0 Nf6 6. d3 0-0 7. c3 d6 8. Na3 Rb8 9. Nc2 c4 10. Ne3 cxd3 11. Bxd3 b5 12. Kh1 b4 13. Bd2 Nd7 14. Rb1 Nc5 15. Bc2 Ba6 16. c4 Nd4 17. Nxd4 Bxd4 18. b3 e6 19. f5 Qh4 20. Be1 Qf6 21. Ng4 Qg5 22. Qxd4 Qxg4 23. h3 Qh5 24. Qe3 exf5 25. Bg3 Rbe8 26. Bd1 f4 27. Bxf4 Qh4 28. Bf3 Nxe4 29. Bxe4 Bb7 30. Bg3 Qxe4 31. Qxe4 Rxe4 32. Rfe1 Rd8 33. Rxe4 Bxe4 34. Rd1 d5 35. cxd5 Bxd5 36. Kh2 Rd7 37. Bf2 f5 38. Bxa7 Rxa7 39. Rxd5 Rxa2 40. Rd4 g5 41. Kg3 Kg7 42. Rxb4 Rc2 43. Rb6 Rc3+ 44. Kf2 f4 45. b4 h5 46. Rb5 Kg6 47. Rb6+ Kg7 48. Rb5 1/2-1/2

[Event "MNT World Cup Qual"]
[Site "Niksic"]
[Date "2023.06.02"]
[Round "1.1"]
[White "Pecurica, Milos"]
[Black "Kadric, Denis"]
[Result "1/2-1/2"]
[WhiteElo "2349"]
[BlackElo "2601"]
[PlyCount "75"]
[EventDate "2023.06.02"]
[EventType "k.o."]
[EventRounds "3"]
[EventCountry "MNE"]
[SourceTitle "CBM 214 Extra"]
[Source "ChessBase"]
[SourceDate "2023.07.31"]
[SourceVersion "1"]
[SourceVersionDate "2023.07.31"]
[SourceQuality "1"]

1. d4 Nf6 2. c4 g6 3. Nc3 Bg7 4. e4 d6 5. f3 0-0 6. Nge2 c5 7. d5 e6 8. Ng3 exd5 9. cxd5 a6 10. a4 Nbd7 11. Be2 Re8 12. 0-0 h5 13. Bg5 Nf8 14. Qd2 N8h7 15. Be3 h4 16. Nh1 Nh5 17. f4 f5 18. Bxh5 gxh5 19. e5 dxe5 20. Bxc5 e4 21. Nf2 Nf6 22. Nfd1 Bd7 23. Ne3 Ng4 24. h3 Rc8 25. Bd4 Bxd4 26. Qxd4 Nxe3 27. Qxe3 Qf6 28. Rfd1 Kh7 29. Ra3 Rg8 30. Rb3 Rg3 31. Qe2 b5 32. Qxh5+ Kg7 33. d6 Rd3 34. Rxd3 exd3 35. Kh2 Qxd6 36. Qg5+ Kf7 37. Qh5+ Kg7 38. Qg5+ 1/2-1/2

[Event "MNT-chT"]
[Site "Herceg Novi"]
[Date "2023.05.04"]
[Round "5.3"]
[White "Pecurica, Milos"]
[Black "Mandic, Stefan"]
[Result "1/2-1/2"]
[WhiteElo "2349"]
[BlackElo "1989"]
[PlyCount "112"]
[EventDate "2023.05.01"]
[EventType "team-tourn"]
[EventRounds "9"]
[EventCountry "MNE"]
[SourceTitle "CBM 214 Extra"]
[Source "ChessBase"]
[SourceDate "2023.07.31"]
[SourceVersion "1"]
[SourceVersionDate "2023.07.31"]
[SourceQuality "1"]
[WhiteTeam "Crnogorac"]
[BlackTeam "Dama"]
[WhiteTeamCountry "MNE"]
[BlackTeamCountry "MNE"]

1. d4 Nf6 2. c4 g6 3. Nc3 Bg7 4. e4 d6 5. h3 0-0 6. Be3 Nbd7 7. g4 e5 8. d5 Nc5 9. f3 a5 10. Qd2 Ne8 11. h4 f5 12. h5 f4 13. Bf2 Bf6 14. Nge2 Bg5 15. Nc1 Nf6 16. hxg6 hxg6 17. Nd3 b6 18. Qc2 Kg7 19. 0-0-0 Bd7 20. Kb1 Rh8 21. Be2 Qe7 22. Rdg1 Rxh1 23. Rxh1 Rh8 24. Qd1 Ne8 25. Rxh8 Kxh8 26. Qh1+ Qh7 27. Qxh7+ Kxh7 28. b3 Bf6 29. Kc2 Kg8 30. Nb2 Kf7 31. a3 Na6 32. Be1 Ke7 33. Nd3 Nc5 34. b4 Nxd3 35. Kxd3 axb4 36. axb4 g5 37. Bf2 Bc8 38. Bd1 Kd8 39. Ba4 Be7 40. Bb5 Nf6 41. Ba4 Ba6 42. Nb5 Bxb5 43. Bxb5 Nd7 44. c5 bxc5 45. Bxd7 Kxd7 46. bxc5 Kc8 47. Kc4 Kb7 48. Kb5 Bd8 49. Be1 Be7 50. Bc3 Bd8 51. Bd2 Bf6 52. Ba5 Be7 53. cxd6 cxd6 54. Bb6 Bf6 55. Ba5 Be7 56. Bb6 Bf6 1/2-1/2

[Event "MNT-chT"]
[Site "Herceg Novi"]
[Date "2023.05.03"]
[Round "3.2"]
[White "Pecurica, Milos"]
[Black "Milanovic, Slavisa"]
[Result "1/2-1/2"]
[WhiteElo "2349"]
[BlackElo "2316"]
[PlyCount "91"]
[EventDate "2023.05.01"]
[EventType "team-tourn"]
[EventRounds "9"]
[EventCountry "MNE"]
[SourceTitle "CBM 214 Extra"]
[Source "ChessBase"]
[SourceDate "2023.07.31"]
[SourceVersion "1"]
[SourceVersionDate "2023.07.31"]
[SourceQuality "1"]
[WhiteTeam "Crnogorac"]
[BlackTeam "Mimoza"]
[WhiteTeamCountry "MNE"]
[BlackTeamCountry "MNE"]

1. Nf3 Nf6 2. c4 c5 3. d4 cxd4 4. Nxd4 b6 5. Nc3 Bb7 6. f3 d6 7. e4 e6 8. Be3 Be7 9. Be2 a6 10. 0-0 0-0 11. Qd2 Qc7 12. Rfc1 Rc8 13. Kh1 h6 14. Bf1 Qd8 15. Qf2 Nbd7 16. a4 Ne5 17. a5 bxa5 18. Na4 Nfd7 19. Nb3 Bg5 20. Bxg5 hxg5 21. Qd2 Rab8 22. Nxa5 Ba8 23. b4 g4 24. f4 Ng6 25. Re1 Nf6 26. Bd3 e5 27. f5 Nf4 28. Rab1 Rxb4 29. Rxb4 Nxd3 30. Qxd3 Qxa5 31. Qxd6 Rxc4 32. Reb1 Rxe4 33. Nc3 Kh7 34. Nxe4 Bxe4 35. Rxe4 Nxe4 36. Qb4 Qd5 37. Qe1 g3 38. hxg3 Qd3 39. Kh2 Nf6 40. Qf1 Ng4+ 41. Kh3 Nf2+ 42. Kh2 Qe3 43. Qc4 Ne4 44. Qxf7 Qxg3+ 45. Kg1 Qf2+ 46. Kh2 1/2-1/2

[Event "MNT Team Cup"]
[Site "Herceg Novi"]
[Date "2022.05.22"]
[Round "4.1"]
[White "Draskovic, Davor"]
[Black "Pecurica, Milos"]
[Result "0-1"]
[WhiteElo "2034"]
[BlackElo "2306"]
[PlyCount "40"]
[EventDate "2022.05.20"]
[EventType "swiss"]
[EventRounds "5"]
[EventCountry "MNE"]
[SourceTitle "CBM 208 Extra"]
[Source "ChessBase"]
[SourceDate "2022.07.31"]
[SourceVersion "1"]
[SourceVersionDate "2022.07.31"]
[SourceQuality "1"]

1. e4 d6 2. d4 Nf6 3. Nc3 g6 4. f4 Bg7 5. Nf3 0-0 6. Bd3 Na6 7. 0-0 c5 8. d5 Bg4 9. h3 Bxf3 10. Rxf3 Rb8 11. Qe2 Nc7 12. a4 e6 13. Bc4 exd5 14. exd5 Re8 15. Qd3 Nd7 16. Bd2 a6 17. a5 b5 18. axb6 Nxb6 19. Bxa6 Ra8 20. Rff1 Rxa6 0-1

[Event "Djenovici TS03 Mix 3rd"]
[Site "Djenovici"]
[Date "2022.03.30"]
[Round "1"]
[White "Mamatov, Melis"]
[Black "Pecurica, Milos"]
[Result "1-0"]
[WhiteElo "2193"]
[BlackElo "2335"]
[PlyCount "140"]
[EventDate "2022.03.30"]
[EventType "swiss"]
[EventRounds "9"]
[EventCountry "MNE"]
[SourceTitle "EXT 2023"]
[Source "ChessBase"]
[SourceDate "2022.10.05"]
[SourceVersion "1"]
[SourceVersionDate "2022.10.05"]
[SourceQuality "1"]

1. e4 e5 2. Nf3 Nc6 3. Bc4 Nf6 4. d3 h6 5. 0-0 d6 6. a4 g6 7. a5 a6 8. Re1 Bg7 9. c3 0-0 10. Bb3 Kh7 11. d4 Bg4 12. d5 Ne7 13. c4 c5 14. Bc2 Kh8 15. b4 cxb4 16. Bd2 Rc8 17. h3 Bxf3 18. Qxf3 Rxc4 19. Qb3 Qc8 20. Bd3 Rd4 21. Be3 Rxe4 22. Bxe4 Nxe4 23. Qxb4 f5 24. Rd1 Qd7 25. Nc3 Nxc3 26. Qxc3 f4 27. Bb6 Rc8 28. Qb3 e4 29. Bd4 Nf5 30. Bxg7+ Qxg7 31. Rac1 Re8 32. Qc3 Re7 33. Qxg7+ Kxg7 34. Rc4 g5 35. Rdc1 Kf6 36. Rc7 Re5 37. Rxb7 Rxd5 38. Re1 Ke5 39. Rb8 e3 40. Re8+ Kf6 41. fxe3 Nxe3 42. g3 Rxa5 43. gxf4 gxf4 44. Kf2 Ra3 45. Rf8+ Ke5 46. Re8+ Kd5 47. Rf8 Ke4 48. Re8+ Kd5 49. Rf8 Nc4 50. Kg2 Rg3+ 51. Kh2 Rf3 52. Kg2 Rg3+ 53. Kh2 Re3 54. Rf1 Re2+ 55. Kg1 Re3 56. Kh2 Re2+ 57. Kg1 Re3 58. h4 h5 59. R8xf4 Ne5 60. Ra1 Nd3 61. Rf5+ Ne5 62. Rxh5 Re2 63. Rxa6 Rd2 64. Rh6 Nd3 65. Rhxd6+ Ke4 66. Re6+ Kd4 67. Red6+ Ke3 68. Ra3 Ke4 69. Rd8 Ke3 70. Re8+ Kf4 1-0

[Event "MNT-ch 74th"]
[Site "Podgorica"]
[Date "2022.02.26"]
[Round "8"]
[White "Sukovic, Andrej"]
[Black "Pecurica, Milos"]
[Result "1/2-1/2"]
[WhiteElo "2311"]
[BlackElo "2335"]
[PlyCount "120"]
[EventDate "2022.02.19"]
[EventType "swiss"]
[EventRounds "9"]
[EventCountry "MNE"]
[SourceTitle "EXT 2023"]
[Source "ChessBase"]
[SourceDate "2022.10.05"]
[SourceVersion "1"]
[SourceVersionDate "2022.10.05"]
[SourceQuality "1"]

1. e4 e5 2. Nf3 Nc6 3. Bb5 a6 4. Ba4 Nf6 5. 0-0 Be7 6. d3 d6 7. c3 0-0 8. Bc2 Re8 9. Re1 Bf8 10. Nbd2 d5 11. exd5 Nxd5 12. Ne4 Bf5 13. a4 a5 14. Nfd2 Qd7 15. Nc4 Rad8 16. Ne3 Bg6 17. Nxd5 Qxd5 18. Bg5 Be7 19. Bxe7 Rxe7 20. Re3 Qd7 21. h4 h6 22. h5 Bf5 23. Qc1 b6 24. Rg3 Kh8 25. Qe3 Qe6 26. Re1 Bh7 27. Nd2 f5 28. f4 Qf6 29. Rf1 Qh4 30. Nc4 exf4 31. Qxf4 Qxh5 32. d4 g5 33. Qc1 Qf7 34. Ne3 f4 35. Rh3 Rd6 36. Qb1 Qg7 37. Bxh7 Rxe3 38. Rxe3 fxe3 39. Be4 e2 40. Re1 Nxd4 41. Qd3 Ne6 42. Qxe2 Qe5 43. Qh5 Ng7 44. Qf7 Rf6 45. Qd7 Qc5+ 46. Kh1 Qf2 47. Re2 Qf1+ 48. Kh2 Qf4+ 49. Kg1 Rf7 50. Qd1 Re7 51. Bc2 Rxe2 52. Qxe2 Qc1+ 53. Kh2 Qf4+ 54. Kg1 Qf7 55. Qe5 Qe6 56. Qxc7 Qe1+ 57. Kh2 Qh4+ 58. Kg1 Qe1+ 59. Kh2 Qh4+ 60. Kg1 Qe1+ 1/2-1/2

[Event "MNT-ch 74th"]
[Site "Podgorica"]
[Date "2022.02.19"]
[Round "1"]
[White "Feratovic, Fahrudin"]
[Black "Pecurica, Milos"]
[Result "0-1"]
[WhiteElo "1935"]
[BlackElo "2335"]
[PlyCount "68"]
[EventDate "2022.02.19"]
[EventType "swiss"]
[EventRounds "9"]
[EventCountry "MNE"]
[SourceTitle "EXT 2023"]
[Source "ChessBase"]
[SourceDate "2022.10.05"]
[SourceVersion "1"]
[SourceVersionDate "2022.10.05"]
[SourceQuality "1"]

1. e4 c5 2. Nf3 Nc6 3. Bb5 g6 4. Bxc6 dxc6 5. d3 Bg7 6. h3 Nf6 7. Nc3 Nd7 8. Be3 e5 9. Qd2 h6 10. 0-0 Qe7 11. Rfe1 Nf8 12. a3 Ne6 13. Na4 b5 14. Nc3 Nd4 15. Nh2 0-0 16. Na2 a5 17. b4 axb4 18. axb4 Be6 19. Nc3 cxb4 20. Ne2 Nxe2+ 21. Qxe2 Ra3 22. Reb1 Rfa8 23. Qe1 c5 24. Nf1 Rxa1 25. Rxa1 Ra4 26. Bd2 f5 27. f3 f4 28. Rb1 Ra2 29. Qc1 Qa7 30. Kh1 Qa4 31. Rb2 Qa3 32. Rxa2 Bxa2 33. Qxa3 bxa3 34. Bc3 Bb1 0-1

[Event "Bar City-ch"]
[Site "Bar"]
[Date "2021.12.14"]
[Round "3"]
[White "Karolyi, Mate"]
[Black "Pecurica, Milos"]
[Result "0-1"]
[WhiteElo "1644"]
[BlackElo "2325"]
[PlyCount "40"]
[EventDate "2021.12.12"]
[EventType "swiss"]
[EventRounds "7"]
[EventCountry "MNE"]
[SourceTitle "CBM 205 Extra"]
[Source "ChessBase"]
[SourceDate "2022.01.31"]
[SourceVersion "1"]
[SourceVersionDate "2022.01.31"]
[SourceQuality "1"]

1. e4 e6 2. d4 d5 3. exd5 exd5 4. Bd3 Nc6 5. Ne2 Bd6 6. Nbc3 Nge7 7. a3 Bg4 8. Be3 a6 9. h3 Bh5 10. Qd2 Qd7 11. g4 Bg6 12. 0-0-0 b5 13. Bxg6 hxg6 14. Nf4 Na5 15. Ncxd5 Nc4 16. Qc3 Bxa3 17. bxa3 Nxd5 18. Nxd5 Qxd5 19. Bf4 0-0 20. h4 a5 0-1

[Event "Podgorica Buducnost op"]
[Site "Podgorica"]
[Date "2021.11.21"]
[Round "4"]
[White "Pecurica, Milos"]
[Black "Tomic, Aleksandar1111"]
[Result "0-1"]
[WhiteElo "2331"]
[BlackElo "2327"]
[PlyCount "66"]
[EventDate "2021.11.19"]
[EventType "swiss"]
[EventRounds "5"]
[EventCountry "MNE"]
[SourceTitle "CBM 205 Extra"]
[Source "ChessBase"]
[SourceDate "2022.01.31"]
[SourceVersion "1"]
[SourceVersionDate "2022.01.31"]
[SourceQuality "1"]

1. d4 Nf6 2. c4 e6 3. Nc3 Bb4 4. e3 d5 5. Bd3 e5 6. dxe5 dxc4 7. Qa4+ Nc6 8. Bxc4 Nd5 9. Bxd5 Bxc3+ 10. bxc3 Qxd5 11. Nf3 0-0 12. 0-0 Nxe5 13. Nxe5 Qxe5 14. Rb1 b6 15. Qd4 Qe6 16. c4 c5 17. Qc3 Qg6 18. Rb2 Rd8 19. Rd2 Rxd2 20. Qxd2 Be6 21. f4 Bxc4 22. f5 Qg5 23. h4 Qd8 24. Rf4 Qxd2 25. Bxd2 Bxa2 26. Bc3 f6 27. e4 Re8 28. e5 b5 29. exf6 b4 30. Bb2 Re2 31. Rf2 Rxb2 32. Rxb2 b3 33. fxg7 Kxg7 0-1

[Event "Podgorica Niksic Memorial"]
[Site "Podgorica"]
[Date "2021.04.26"]
[Round "5"]
[White "Pecurica, Milos"]
[Black "Pobor, Milo"]
[Result "1/2-1/2"]
[WhiteElo "2328"]
[BlackElo "2071"]
[PlyCount "64"]
[EventDate "2021.04.23"]
[EventType "swiss"]
[EventRounds "9"]
[EventCountry "MNE"]
[SourceTitle "CBM 202 Extra"]
[Source "ChessBase"]
[SourceDate "2021.07.31"]
[SourceVersion "1"]
[SourceVersionDate "2021.07.31"]
[SourceQuality "1"]

1. Nf3 Nf6 2. c4 g6 3. Nc3 Bg7 4. e4 0-0 5. d4 c5 6. Be2 cxd4 7. Nxd4 d6 8. Be3 Nc6 9. Nc2 Bd7 10. 0-0 Rc8 11. f3 Na5 12. Na3 Be6 13. Qa4 Nd7 14. Rfc1 a6 15. Rab1 f5 16. Nd5 fxe4 17. fxe4 Nc6 18. Qd1 Nce5 19. Qe1 Nc5 20. Qh4 Bxd5 21. exd5 Bf6 22. Qh3 Ned3 23. Rf1 Qa5 24. Nc2 Qxa2 25. Nd4 Bxd4 26. Bxd4 Qxc4 27. Bc3 Qe4 28. Bg4 Nf4 29. Qg3 Ne2+ 30. Bxe2 Qxe2 31. Rfe1 Qd3 32. Qxd3 Nxd3 1/2-1/2

[Event "Podgorica Niksic Memorial"]
[Site "Podgorica"]
[Date "2021.04.25"]
[Round "4"]
[White "Tomic, Aleksandar1111"]
[Black "Pecurica, Milos"]
[Result "1-0"]
[WhiteElo "2377"]
[BlackElo "2328"]
[PlyCount "81"]
[EventDate "2021.04.23"]
[EventType "swiss"]
[EventRounds "9"]
[EventCountry "MNE"]
[SourceTitle "CBM 202 Extra"]
[Source "ChessBase"]
[SourceDate "2021.07.31"]
[SourceVersion "1"]
[SourceVersionDate "2021.07.31"]
[SourceQuality "1"]

1. Nf3 d5 2. d4 Nf6 3. c4 e6 4. Nc3 Be7 5. Bg5 h6 6. Bh4 0-0 7. e3 Ne4 8. Bxe7 Qxe7 9. cxd5 Nxc3 10. bxc3 exd5 11. Bd3 c5 12. h3 Nc6 13. 0-0 c4 14. Bc2 b5 15. Re1 f5 16. a4 b4 17. cxb4 Qxb4 18. Ne5 Nxe5 19. dxe5 Be6 20. Qd4 Rac8 21. Reb1 Qc5 22. Rb7 f4 23. Rxa7 fxe3 24. fxe3 Qxd4 25. exd4 Rf4 26. Re7 Bf5 27. Bxf5 Rxf5 28. Rd7 Rb8 29. Ra2 Rb1+ 30. Kh2 h5 31. a5 h4 32. g3 Rff1 33. gxh4 c3 34. Rg2 Rh1+ 35. Kg3 Rb3 36. Rc2 Rd1 37. e6 Re1 38. a6 Ra3 39. a7 Kh7 40. e7 Re2 41. a8Q 1-0

[Event "Podgorica Niksic Memorial"]
[Site "Podgorica"]
[Date "2021.04.23"]
[Round "1"]
[White "Pecurica, Milos"]
[Black "Bogosavljevic, Boban"]
[Result "0-1"]
[WhiteElo "2328"]
[BlackElo "2523"]
[PlyCount "66"]
[EventDate "2021.04.23"]
[EventType "swiss"]
[EventRounds "9"]
[EventCountry "MNE"]
[SourceTitle "CBM 202 Extra"]
[Source "ChessBase"]
[SourceDate "2021.07.31"]
[SourceVersion "1"]
[SourceVersionDate "2021.07.31"]
[SourceQuality "1"]

1. c4 e5 2. Nc3 Nc6 3. Nf3 Nf6 4. e4 Bb4 5. d3 d6 6. a3 Bc5 7. b4 Bb6 8. Na4 Bd4 9. Nxd4 Nxd4 10. Bb2 Bg4 11. f3 Bd7 12. Bxd4 exd4 13. Be2 Nh5 14. g3 f5 15. Nb2 f4 16. g4 Qh4+ 17. Kd2 Nf6 18. Qe1 Qg5 19. Qf2 Qe5 20. c5 d5 21. Bd1 Be6 22. Re1 0-0-0 23. Bb3 dxe4 24. Bxe6+ Qxe6 25. dxe4 d3 26. Red1 Qb3 27. Rab1 Rhe8 28. Ke1 Nxe4 29. fxe4 Rxe4+ 30. Kf1 Re2 31. Qxf4 Rxb2 32. Rxb2 Qxd1+ 33. Kg2 d2 0-1